Goose Goose Duck Roles - Statistics

General Stats
  • This quiz has been taken 28 times
    11 since last reset
  • The average score is 34 of 72
Answer Stats
Answer % Correct
Dodo
100%
Pelican
100%
Pigeon
100%
Assassin
88%
Falcon
88%
Sheriff
88%
Astral
75%
Duck
75%
Goose
75%
Ninja
75%
Vigilante
75%
Avenger
63%
Birdwatcher
63%
Bodyguard
63%
Canadian
63%
Celebrity
63%
Clown
63%
Crow
63%
Engineer
63%
Lover
63%
Party
63%
Professional
63%
Silencer
63%
Cannibal
50%
Chicken
50%
Drone
50%
Dueling Dodo
50%
Esper
50%
Locksmith
50%
Medium
50%
Morphling
50%
Mummy
50%
Snitch
50%
Spy
50%
Tracker
50%
Undertaker
50%
Vampire
50%
Vulture
50%
Adventurer
38%
Camo
38%
Cupid
38%
Demolitionist
38%
Demon Hunter
38%
Detective
38%
Gravy
38%
Hitman
38%
Identity Thief
38%
Invisibility
38%
Lobbyist
38%
Mime
38%
Mimic
38%
Mortician
38%
Owl
38%
Saint
38%
Scientist
38%
Serial Killer
38%
Villager
38%
Warlock
38%
High Priest
25%
Inquisitor
25%
Politician
25%
Seamstress
25%
Sniper
25%
Spotter
25%
Stalker
25%
Street Urchin
25%
Fortune Teller
13%
Preacher
13%
Sin Eater
13%
Thrall
13%
Initiate
0%
Survivalist
0%
No matching quizzes found
Score Distribution
Percent of People with Each Score
Percentile by Number Answered
Your Score History
You have not taken this quiz since the last reset